00287pam a2200109 a 4500020000500000041000500005082002800010100001600038245007100054260004100125300001100166 c h a336.24900000000002bGUP aGupta, N.H. aSocial Security Legislation For Labour In IndiahTextual Documents aNew DelhibDeep And Deep Publication a384/CB